000
00206 a2200097 4500
001
1452
100
_a
Shreve, R.N
245
_a
Chemical process industries
260
_a
_b
Mcgrawhill
_c
090
_c
995
_d
995
942
_a
NUST-CAE
_c
M
_c
36877
999
_c
236525
_d
236525